Normal view
MARC view
Entry Personal Name
001 - CONTROL NUMBER
- control field: 9837
003 - CONTROL NUMBER IDENTIFIER
- control field: OSt
005 - DATE AND TIME OF LATEST TRANSACTION
- control field: 20160630190915.0
008 - FIXED-LENGTH DATA ELEMENTS
- fixed length control field: 160630|| aca||aabn | a|a d
040 ## - CATALOGING SOURCE
- Original cataloging agency: OSt
- Transcribing agency: OSt
100 ## - HEADING--PERSONAL NAME
- Personal name: Editors Eisenmann-Klein, Marita; Neuhann-Lorenz, Constnace
670 ## - SOURCE DATA FOUND
- Source citation: Work cat.: (OSt): Editors Eisenmann-Klein, Marita; Neuhann-Lorenz, Constnace, Innovations in Plastic and Aesthetic Surgery
